Līlāvati vāna cāstiram. (Record no. 75169)

MARC details
000 -LEADER
fixed length control field 00546cam a22002171 4500
001 - CONTROL NUMBER
control field sa 67005393
003 - CONTROL NUMBER IDENTIFIER
control field DLC
005 - DATE AND TIME OF LATEST TRANSACTION
control field 20260227112357.0
008 - FIXED-LENGTH DATA ELEMENTS--GENERAL INFORMATION
fixed length control field 890529s1966 xx 000 0 tamo
010 ## - LIBRARY OF CONGRESS CONTROL NUMBER
LC control number sa 67005393
035 ## - SYSTEM CONTROL NUMBER
System control number (OCoLC)23565992
040 ## - CATALOGING SOURCE
Original cataloging agency DLC
Transcribing agency MiU
Modifying agency DLC
042 ## - AUTHENTICATION CODE
Authentication code premarc
050 00 - LIBRARY OF CONGRESS CALL NUMBER
Classification number QB51
Item number .S779
100 2# - MAIN ENTRY--PERSONAL NAME
Personal name Subramania Sastrigal, V.,
Dates associated with a name 1910-
245 10 - TITLE STATEMENT
Title Līlāvati vāna cāstiram.
260 ## - PUBLICATION, DISTRIBUTION, ETC.
Date of publication, distribution, etc. [1966?]
300 ## - PHYSICAL DESCRIPTION
Extent 6 v. in 1. illus. (part fold)
Dimensions 21 cm.
500 ## - GENERAL NOTE
General note Romanized.
650 #0 - SUBJECT ADDED ENTRY--TOPICAL TERM
Topical term or geographic name entry element Astronomy.

No items available.

Powered by Koha